00583nam a2200193Ia 4500003000400000005001700004008004100021020001800062040000700080082001700087100002000104245008700124250000700211260005000218300003100268500001900299600002100318650005000339OSt20241023074736.0240925s9999 xx 000 0 und d a9788131725337 csd a004.6782 MIL aMiller, Michael 0aCloud Computing Web Based application that change the way you work and collaborate aNA aUttar Pradesh:bPearson Education Incc,2008. aVarious pagesb0fOriginal aIncludes Index aComputer Science aComputer science, information & general works